000 00457nam a2200181Ia 4500
005 20250603145923.0
008 250603s9999 xx 000 0 und d
020 _a978-1-926832-30-2
050 _aKP 107 .2 .O5/
100 _aOlawuyi s. Damilola
245 4 _aThe Principles of Nigeria Enviromental Law.
260 _aEkiti state
260 _bAfebaba lola university.
260 _c2015
300 _a363 p
650 _aEkiti state
942 _cBK
999 _c43247
_d43247